| 000 | 01605nam a2200457 i 4500 | ||
|---|---|---|---|
| 001 | 18689 | ||
| 003 | KOSZ 005 | ||
| 005 | 20210218140634.0 | ||
| 008 | 000930s1979 pl a |000 0 pol | ||
| 015 | _aUWD 1979/6107 | ||
| 020 | _a8322000022 | ||
| 035 | _a991014808919705066 | ||
| 035 | _a(PL-WaBN)b13979395-48omnis_nlop | ||
| 035 | _ab13979395 | ||
| 035 | _a(OCoLC)69286360 | ||
| 035 | _a(PL)b0000001397939 | ||
| 035 | _a(EXLNZ-48OMNIS_NETWORK)9910050092005606 | ||
| 040 |
_aWA N _cWA N _dKOSZ 005/HR |
||
| 041 | 0 | _apol | |
| 046 | _k1979 | ||
| 080 | _a553.5/.6 | ||
| 080 | _a66/69 | ||
| 245 | 0 | 0 |
_aMetodyka badań surowców skalnych / _cpod red. Stefana Kozłowskiego ; Instytut Geologiczny oraz Centralny Ośrodek Badawczo-Projektowy Górnictwa Odkrywkowego "Poltegor". |
| 260 |
_aWarszawa : _bWydawnictwa Geologiczne, _c1979. |
||
| 300 |
_a474, [1] s., [8] k. tabl. : _bil., mapy ; _c25 cm. |
||
| 336 |
_aTekst _btxt _2rdacontent |
||
| 337 |
_aBez urządzenia pośredniczącego _bn _2rdamedia |
||
| 338 |
_aWolumin _bnc _2rdacarrier |
||
| 380 | _aKsiążki | ||
| 388 | _a1901-2000 | ||
| 388 | _a1945-1989 | ||
| 500 | _aWyd. w sześćdziesiątą rocznicę powstania Instytutu Geologicznego 1919-1979. | ||
| 504 | _aBibliogr., zestawienie norm. | ||
| 650 | 7 |
_aSkały _2DBN |
|
| 650 | 7 |
_aSurowce _2DBN |
|
| 658 | _aGeografia i nauki o Ziemi | ||
| 700 | 1 |
_aKozłowski, Stefan _d(1928-2007) _eRedakcja |
|
| 856 |
_uhttp://koha.tu.koszalin.pl/cgi-bin/koha/opac-detail.pl?biblionumber=18689 _yKatalog online BPK |
||
| 942 |
_2UKD _cKS |
||
| 999 |
_c18689 _d18689 |
||